[Event "ISR-chT 2018"]
[Site "Israel"]
[Date "2018.02.23"]
[Round "9"]
[White "Moskovich, Daniel"]
[Black "Alterman, Boris"]
[Result "0-1"]
[WhiteElo "2146"]
[BlackElo "2600"]
[Annotator "TA"]
[PlyCount "76"]
[EventDate "2018.??.??"]
[EventType "team-tourn"]
[EventCountry "ISR"]
[SourceTitle "playchess.com"]
[Source "ChessBase"]
[SourceQuality "1"]

{[%evp 11,76,18,22,8,42,24,28,33,59,33,46,43,54,31,58,8,10,0,0,-79,-65,-68,-28,-37,0,-92,-97,-92,-100,-99,-105,-125,-83,-94,-94,-233,-230,-475,-470,-646,-640,-639,-629,-888,-888,-1540,-453,-461,-462,-458,-455,-453,-453,-453,-454,-441,-445,-475,-472,-565,-566,-560,-554,-550,-544,-591,-549]} 1. d4 Nf6 2. Nf3 c5 3. e3 g6 4. dxc5 Qa5+ 5. Bd2 (5. Nbd2 Qxc5 6. a3 Bg7 7. b4 Qc7 8. Bb2 O-O 9. Be2 b6 10. c4 Bb7 11. O-O d6 12. Qb3 Nbd7 13. Rac1 Rac8 14. Rfd1 Qb8 15. Nb1 Ne4 16. Bxg7 Kxg7 17. Nfd2 Ndf6 18. Nxe4 Bxe4 19. Nc3 Bc6 20. Bf1 Rc7 21. f3 Qc8 22. e4 {0-1 (65) Aleksandrov,A (2589)-McShane,L (2640) Katowice 2017}) 5... Qxc5 6. c4 {A48: Königsindisch (ohne c2-c4)} Bg7 {LiveBook: 3 Partien} 7. Nc3 d6 8. Be2 {Weiß steht etwas besser.} O-O 9. O-O Nbd7 10. Rc1 Qc7 $146 ({Vorgänger:} 10... Ng4 11. h3 Nge5 12. b3 Nxf3+ 13. Bxf3 {½-½ (46) Retkes,P (1498)-Sugar,B (1785) Budapest 2010}) 11. Nd4 a6 12. b3 e6 13. Nc2 b6 14. e4 Bb7 15. Bd3 (15. f3 $11 {hält das Gleichgewicht.}) 15... Nc5 $17 16. Qe2 Nfd7 17. f3 f5 18. Ne3 (18. exf5 $1 $11 gxf5 19. Ne1) 18... Nxd3 19. Qxd3 Nc5 $36 {[%mdl 2048] Schwarz ist am Drücker.} 20. Qc2 fxe4 21. fxe4 Bxc3 22. Bxc3 Nxe4 23. Ng4 {[#]} (23. Qd3 $17) 23... Qc5+ $1 $19 24. Kh1 $2 (24. Nf2) 24... Qg5 {Schwarz steht klar auf Gewinn.} 25. Qe2 Nxc3 26. Qxe6+ Kh8 {Droht stark ...Se4.} 27. Rce1 {[#]} Ne4 $1 28. Qd7 (28. Rxe4 Rxf1#) 28... Nc5 (28... Rxf1+ $142 29. Rxf1 {[#]} Nf2+ $1 {[%mdl 512]} 30. Kg1 Nxg4) 29. Qxd6 {[#]} Bxg2+ $1 {[%mdl 512]} 30. Kxg2 Qxg4+ 31. Kh1 Rxf1+ 32. Rxf1 {Droht De5+ und aus.} Qe4+ 33. Kg1 Qe3+ 34. Kh1 Ne6 35. Qe7 Qe4+ 36. Kg1 {beabsichtigt Df6+.} Qd4+ 37. Kh1 Nf4 38. Qb7 Re8 {Precision: Weiß = 33%, Schwarz = 62%.} 0-1

[Event "ISR-chT 2018"]
[Site "Israel"]
[Date "2018.02.23"]
[Round "9"]
[White "Lukin, Elisha"]
[Black "Zanan, Evgeny"]
[Result "0-1"]
[WhiteElo "2079"]
[BlackElo "2478"]
[Annotator "TA"]
[PlyCount "88"]
[EventDate "2018.??.??"]
[EventType "team-tourn"]
[EventCountry "ISR"]
[SourceTitle "playchess.com"]
[Source "ChessBase"]
[SourceQuality "1"]

{[%evp 17,88,2,14,-16,-18,-18,0,0,0,0,0,0,0,0,0,0,0,0,0,0,0,0,0,-16,0,0,0,0,0,-40,-29,-184,-177,-177,-179,-413,-203,-208,-211,-272,-233,-229,-228,-319,-312,-311,-260,-308,-260,-260,-245,-418,-276,-352,-350,-331,-333,-5414,-492,-437,0,-5185,-254,-243,-259,-917,-423,-5273,-629,-629,-627,-1111,-1420]} 1. d4 Nf6 2. c4 e6 3. Nc3 Bb4 4. Nf3 b6 5. e3 Bb7 6. Bd3 O-O 7. Bd2 d5 8. cxd5 exd5 9. O-O a6 10. Ne2 {E52: Nimzo-Indian: Rubinstein: 4...0-0 5 Nf3 d5 6 Bd3 b6} (10. Ne5 c5 11. a3 Bxc3 12. Bxc3 c4 13. Bc2 Nc6 14. f3 b5 15. Qd2 Nd7 16. Nxc6 Bxc6 17. e4 a5 {½-½ (52) Riazantsev,A (2671)-Anton Guijarro,D (2650) Tallinn 2016}) 10... Bd6 11. b4 $146 ({Predecessor:} 11. Ng3 Re8 12. Nf5 Bf8 13. Ne5 Ne4 14. Bxe4 dxe4 15. Bc3 Qg5 16. g4 g6 17. Ng3 Bd6 {0-1 (60) Georgakopoulos,N (2301)-Velten,P (2455) Anogia 2017}) 11... Nbd7 12. a4 {The position is equal.} Ne4 13. b5 Nxd2 14. Nxd2 axb5 15. axb5 Qe7 16. Qb3 g6 17. Nc3 Nf6 18. Be2 Qe6 $40 {[%mdl 128] White needs to defend precisely.} 19. Bf3 Qf5 20. Rfc1 h5 21. Qb2 Rxa1 22. Rxa1 Rb8 {[%cal Bf8b8,Bb8a8,Ba8a3][%mdl 32]} 23. Na2 Ra8 24. Nc4 $2 (24. Nf1 $11 {and White is okay.}) 24... dxc4 $19 25. Bxb7 Ra3 26. Bc6 $2 (26. Rc1 {was worth a try.}) 26... Qd3 (26... Rb3 $142 27. Qc1 Ng4) 27. Rc1 Ng4 28. g3 {[#]} Nxe3 $1 {[%mdl 512]} 29. fxe3 Qxe3+ 30. Kh1 {[#]} Rxa2 $1 {[%mdl 512]} 31. Qxa2 Qxc1+ 32. Kg2 {[#]} h4 $1 33. gxh4 Qf4 34. Qf2 $2 (34. Qxc4 Qxh2+ 35. Kf1) 34... Qg4+ 35. Kh1 {and the idea Bd5 leaves White hopeful.} c3 36. Bd5 Bf4 37. h5 $2 (37. Bb3) 37... Qd1+ (37... Qf5 $142 38. Bb3 Qe4+ 39. Kg1 Be3 40. Bxf7+ Kf8 41. Bxg6+ Bxf2+ 42. Kxf2 Qxd4+ 43. Kf3 Qd2) 38. Kg2 Qg4+ (38... Qxh5 $142 39. Bxf7+ Kxf7 40. Qxf4+ Kg8) 39. Kh1 gxh5 $2 (39... Qf5 {Strongly threatening ...c2.} 40. Bb3 Qe4+ 41. Kg1 Be3 42. Bxf7+ Kg7 43. Bxg6 Bxf2+ 44. Kxf2 Qxd4+ 45. Kf3 c2 46. Bxc2 Qc3+ 47. Ke4 Qxc2+ 48. Kd5 Qxh2 49. h6+ Qxh6) 40. Bb3 Kf8 41. d5 $2 (41. Bc2) 41... Qf5 (41... Bd6 $142 42. Bc2 Qg5) 42. Kg2 (42. Qc2 $142 Qe5 43. Qd3) 42... Qg5+ (42... Qg6+ $142 43. Kf1 Qb1+ 44. Ke2 Qxb3 45. Qxf4 Qb2+ 46. Kf3 c2 47. Qh6+ Ke7 48. d6+ cxd6 49. Qe3+ Kd7) 43. Kf1 Bd6 {...Bc5 is the strong threat.} 44. Qd4 Qc1+ {Precision: White = 38%, Black = 58%.} 0-1

[Event "ISR-chT 2018"]
[Site "Israel"]
[Date "2018.03.02"]
[Round "11"]
[White "Rodshtein, Maxim"]
[Black "Rechlis, Gad"]
[Result "1/2-1/2"]
[WhiteElo "2689"]
[BlackElo "2541"]
[Annotator "TA"]
[PlyCount "85"]
[EventDate "2018.??.??"]
[EventType "team-tourn"]
[EventCountry "ISR"]
[SourceTitle "playchess.com"]
[Source "ChessBase"]
[SourceQuality "1"]

{[%evp 26,85,18,15,18,9,22,16,26,-4,0,-18,-15,-12,-15,-26,-16,-3,-5,-56,-14,-32,-21,-22,-18,-39,-38,-35,-37,-42,-40,-48,-34,-29,0,0,0,0,0,0,0,0,0,0,0,0,0,0,0,0,0,0,0,0,0,0,0,0,0,0,0,0]} 1. d4 Nf6 2. c4 g6 3. Nf3 Bg7 4. g3 O-O 5. Bg2 d6 6. Nc3 Nbd7 7. O-O e5 8. Qc2 exd4 9. Nxd4 Nb6 10. Rd1 Nxc4 11. Ncb5 a6 12. Qxc4 axb5 13. Nxb5 Ne8 {E67: King's Indian: Fianchetto: 6...Nbd7} 14. Qb4 {LiveBook: 6 Games} c6 15. Nxd6 Nxd6 {[#]} 16. Bf4 $146 ({Predecessor:} 16. Qxd6 Be6 17. Qxd8 Rfxd8 18. Rxd8+ Rxd8 19. Bg5 Ra8 20. a4 Bxb2 21. Rb1 Rxa4 22. Bxc6 bxc6 23. Rxb2 Kg7 24. f3 Ra2 25. Rxa2 Bxa2 {½-½ (25) Jumabayev,R (2525)-Radjabov,T (2788) Astana 2012}) 16... Re8 17. Rd2 Ra6 ({Of course not} 17... c5 $6 18. Qxc5 Ra6 19. Bxd6 $16) 18. Qxd6 (18. Rad1 {is interesting.} Rxa2 19. Bxd6 Qa5 20. Qxa5 Rxa5 21. b4) 18... Qxd6 19. Bxd6 Rd8 20. Be4 Bxb2 21. Rxb2 {[#] And now Bf4 would win.} Rxd6 22. Bd3 ({White should try} 22. a4 $11) 22... Ra3 23. Rb3 Ra4 24. a3 Kf8 25. f4 Ke7 26. Kf2 Kd8 27. Rb4 Ra5 28. a4 Kc7 29. Rab1 c5 30. Rb5 {The position is equal.} Rda6 31. Bc4 f6 32. R5b2 Rd6 33. Rb5 Rda6 34. R5b2 Rd6 35. Rb5 Rxa4 36. Rxc5+ Rc6 37. Rxc6+ bxc6 $11 {[%mdl 4096] Endgame KRB-KRB} 38. Bd3 Ba6 39. Ke3 Ra3 40. Rc1 Kd6 41. Rb1 Bb5 42. h3 h5 43. Rb4 {Precision: White = 63%, Black = 71%.} 1/2-1/2

[Event "ISR-chT 2018"]
[Site "Israel"]
[Date "2018.03.02"]
[Round "11"]
[White "Nabaty, Tamir"]
[Black "Sutovsky, Emil"]
[Result "0-1"]
[WhiteElo "2670"]
[BlackElo "2658"]
[Annotator "TA"]
[PlyCount "90"]
[EventDate "2018.??.??"]
[EventType "team-tourn"]
[EventCountry "ISR"]
[SourceTitle "playchess.com"]
[Source "ChessBase"]
[SourceQuality "1"]

{[%evp 16,90,0,0,32,15,49,47,65,61,64,41,79,72,102,51,61,-12,-6,-14,0,0,0,0,0,0,0,0,0,0,4,6,27,43,72,0,0,0,0,0,25,16,195,0,0,0,0,-71,-44,-67,-66,-167,-167,-162,-167,-167,-167,-198,-196,-269,-265,-262,-229,-412,-411,-387,-403,-414,-403,-407,-413,-406,-402,-443,-443,-744,-721]} 1. d4 Nf6 2. Nf3 g6 3. Nbd2 Bg7 4. e4 d6 5. Bb5+ (5. Bd3 O-O 6. O-O Nc6 7. h3 e5 8. c3 Nd7 9. Nb3 a5 10. Be3 a4 11. Nbd2 a3 12. b3 exd4 13. Nxd4 Nc5 14. Bc2 Re8 15. Rc1 Bd7 16. Re1 {0-1 (43) Aronian,L (2793)-Vachier Lagrave,M (2796) Leuven 2017}) 5... c6 6. Bd3 {B07: Pirc Defence: Miscellaneous Systems} O-O 7. O-O c5 8. dxc5 dxc5 9. Qe2 {LiveBook: 5 Games} Nh5 $146 ({Find the theoretical novelty and annotate with similar games (2):} 9... Nc6 10. c3 Qc7 11. a4 b6 12. Rd1 Nh5 {1-0 (63) Nabaty,T (2657)-Suarez Real,A (2448) London 2017}) 10. Qe3 Nc6 11. Qxc5 Bd7 12. Nb3 a5 13. Be3 a4 14. Nbd4 a3 15. bxa3 (15. b3 $1 $16) 15... Ra5 $14 16. Qc3 (16. Nb5 $1 $14) 16... Bg4 $1 $11 {[%cal Rg4f3] aiming for ...Bxf3.} 17. e5 Bxf3 18. Nxf3 ({Much weaker is} 18. gxf3 Bxe5 19. Nxc6 bxc6 $17) 18... Nxe5 19. Nxe5 Bxe5 20. Qb4 {Bb6 is the strong threat.} Bxa1 21. Rxa1 Qa8 22. Qxe7 Re8 23. Qb4 Ra4 24. Qb2 Rxa3 25. g4 (25. Bh6 $1 $16) 25... Ng7 $36 {[%mdl 2048] Black has some pressure.} 26. Bh6 $1 {[%csl Gh6][%cal Rb2g7]} Ne6 27. Re1 $1 {[%cal Re1e6] White wants to mate with Rxe6!} Rxa2 (27... Qa4 $5 {[%cal Ra4g4]} 28. f4 (28. Rxe6 Qxg4+ 29. Kh1 Qf3+ 30. Kg1 Qg4+ 31. Kh1 Qf3+ 32. Kg1 Qg4+ $11) 28... b5 $11) 28. Qf6 {White threatens Rxe6! and mate.} Qa4 $2 {[#]} (28... b6 $1 $11) 29. h3 $2 (29. f4 $1 $18 {Rxe6! would kill now.} Qd7 30. f5) 29... Qd7 30. Bc4 $1 {Intending Rxe6 and mate.} Raa8 {[#]} 31. Re3 (31. Bd5 $1 $11 {[%mdl 512]}) 31... b5 32. Bb3 Ra7 33. Rf3 (33. Kg2 $15) 33... Qd4 $19 34. Bg7 Qxf6 35. Bxf6 Rd7 36. Kg2 Nc5 37. Bc3 (37. h4 $142) 37... Nxb3 38. cxb3 {[%mdl 4096] Endgame KRR-KRB} Rd5 39. h4 $2 (39. Bf6 {keeps fighting.}) 39... f5 40. gxf5 Rxf5 41. Rd3 Re2 42. Bd4 Rd5 43. Kf3 Re1 44. h5 gxh5 {[%cal Bg6h5,Bh5h4][%mdl 32]} 45. Kf4 (45. b4 $142) 45... h4 {Precision: White = 39%, Black = 51%.} 0-1

[Event "ISR-chT 2018"]
[Site "Israel"]
[Date "2018.03.02"]
[Round "11"]
[White "Moiseenko, Alexander"]
[Black "Boruchovsky, Avital"]
[Result "1-0"]
[WhiteElo "2660"]
[BlackElo "2546"]
[Annotator "TA"]
[PlyCount "95"]
[EventDate "2018.??.??"]
[EventType "team-tourn"]
[EventCountry "ISR"]
[SourceTitle "playchess.com"]
[Source "ChessBase"]
[SourceQuality "1"]

{[%evp 22,95,10,4,41,22,43,13,64,29,33,20,20,8,4,12,1,3,20,8,45,65,256,256,310,315,321,325,313,316,308,308,518,511,448,446,672,663,655,711,690,639,654,645,891,519,729,477,658,659,652,641,661,659,768,761,726,622,669,662,652,572,570,585,614,614,703,715,730,670,788,785,777,761,757,773]} 1. d4 Nf6 2. c4 e6 3. Nf3 d5 4. Nc3 c6 5. Qb3 dxc4 6. Qxc4 b5 7. Qd3 Bb7 8. e4 {D43: Semi-Slav: 5 Bg5 h6} b4 9. Na4 Nbd7 10. Be3 Qa5 11. b3 Be7 12. Nd2 {LiveBook: 9 Games} Qc7 $146 ({Predecessor:} 12... O-O 13. f3 c5 14. Nxc5 Nxc5 15. dxc5 Bxc5 16. Nc4 {½-½ (38) Aronian,L (2724)-Gurevich,M (2652) Khanty-Mansiysk 2005}) 13. Be2 O-O 14. Rc1 Rad8 ({Better is} 14... Rfd8 $11) 15. Qc2 e5 16. dxe5 Qxe5 17. f4 ({Much worse is} 17. Bxa7 c5 $17) 17... Qe6 $1 18. O-O $36 {[%mdl 2048] Black is under pressure.} c5 {[%cal Rf6e4]} 19. Bf3 Ng4 20. Nc4 Bc6 21. Bd2 {[#] And now f5 would win.} Ndf6 $2 (21... Bxa4 $1 $14 22. bxa4 Nb6) 22. e5 $18 Nh5 23. f5 Qd7 24. Bxc6 (24. Bxg4 Qd4+ 25. Be3 (25. Ne3 Qxd2 26. Qxd2 Rxd2 $14) 25... Qxg4 $16) 24... Qxc6 25. h3 Ng3 26. hxg4 Rd4 $2 (26... Nxf1 27. Rxf1 (27. Kxf1 Rd4 $16) 27... f6) 27. Be3 {White is clearly winning.} Rxg4 28. Rf4 h5 (28... Rg5 $142 29. Rf3 Rg4) 29. Rxg4 hxg4 {[#]} 30. f6 $1 gxf6 31. Qf2 Ne4 32. Qf5 g3 33. Bh6 fxe5 34. Qg4+ Ng5 35. Bxf8 Kxf8 36. Qxg3 e4 37. Rf1 Qg6 38. Ne5 Qd6 39. Qf4 Qd4+ 40. Kh1 e3 41. Qxd4 cxd4 42. Nb2 Bd6 43. Nbd3 Ne4 44. Rxf7+ Kg8 45. Rf4 Ng3+ 46. Kh2 Ne2 47. Rg4+ Kf8 48. g3 {Precision: White = 76%, Black = 19%.} 1-0

[Event "ISR-chT 2018"]
[Site "Israel"]
[Date "2018.03.02"]
[Round "11"]
[White "Smirin, Ilia"]
[Black "Mindlin, Alon"]
[Result "1/2-1/2"]
[WhiteElo "2604"]
[BlackElo "2452"]
[Annotator "TA"]
[PlyCount "93"]
[EventDate "2018.??.??"]
[EventType "team-tourn"]
[EventCountry "ISR"]
[SourceTitle "playchess.com"]
[Source "ChessBase"]
[SourceQuality "1"]

{[%evp 32,93,18,20,35,27,22,16,22,6,27,23,22,19,18,19,23,31,54,22,46,42,47,33,35,38,77,93,102,79,89,69,52,62,70,38,116,67,97,83,91,49,30,30,39,-12,50,57,57,0,0,0,0,0,0,0,0,0,0,0,61,62,68,62]} 1. e4 e5 2. Nf3 Nc6 3. Bb5 a6 4. Ba4 Nf6 5. O-O Be7 6. Re1 b5 7. Bb3 d6 8. c3 O-O 9. h3 Nb8 10. d4 Nbd7 11. Nbd2 Bb7 12. Bc2 Re8 13. Nf1 Bf8 14. Ng3 g6 15. Bg5 h6 16. Bd2 Bg7 17. a4 c5 {C95: Closed Ruy Lopez: Breyer Variation with 10 d4} 18. d5 c4 19. b4 cxb3 $1 {The position is equal.} 20. Bxb3 Nc5 21. c4 Qd7 22. cxb5 axb5 23. a5 {[#]} Nd3 $146 ({Predecessor:} 23... Reb8 24. Bc2 Bc8 25. Rb1 {½-½ (37) Vachier Lagrave,M (2765)-Adams,M (2744) London 2015}) 24. Re3 Nf4 25. Rc3 Rec8 26. Rxc8+ Qxc8 27. Rc1 Qd8 28. Qf1 Rxa5 29. Bxa5 Qxa5 30. Rb1 Nd7 31. Bc4 bxc4 32. Rxb7 Qa4 33. Qb1 Nc5 (33... Nd3 $14) 34. Rb4 Qa6 35. Qc2 Qa3 36. Rb8+ Kh7 37. Nd2 c3 38. Nc4 ({White should try} 38. Nb1 $14 Qa7 39. Rb5) 38... Qa7 (38... Qa6 $1 $11 39. Qxc3 Nxe4) 39. Rb1 $14 Qa6 40. Ne3 ({Better is} 40. Qxc3 $14 Nxe4 41. Qb3 Nxg3 42. fxg3 Ne2+ 43. Kh2) 40... h5 $1 $11 {[%cal Bh6h5,Bh5h4][%mdl 32]} 41. Kh2 h4 42. Ngf1 Ne2 43. Re1 Nd4 44. Qxc3 Nxe4 45. Qc7 {Strongly threatening Qe7.} Ng5 (45... Qa2 $11 46. Ng4 (46. Qxf7 $2 Ng5 $19) 46... Nf3+ 47. gxf3 Nxf2) 46. Nd2 $14 {aiming for Qd8.} Qd3 47. Nef1 {Precision: White = 66%, Black = 57%.} 1/2-1/2

[Event "ISR-chT 2018"]
[Site "Israel"]
[Date "2018.03.02"]
[Round "11"]
[White "Postny, Evgeny"]
[Black "Manor, Ilan"]
[Result "0-1"]
[WhiteElo "2591"]
[BlackElo "2466"]
[Annotator "TA"]
[PlyCount "136"]
[EventDate "2018.??.??"]
[EventType "team-tourn"]
[EventCountry "ISR"]
[SourceTitle "playchess.com"]
[Source "ChessBase"]
[SourceQuality "1"]

{[%evp 22,136,54,63,61,45,51,46,50,58,75,42,69,70,83,83,72,74,109,99,97,106,150,152,135,84,85,74,83,77,66,58,109,93,100,89,135,130,150,138,145,107,100,103,163,137,153,79,75,67,84,76,137,143,157,151,152,152,152,140,162,158,154,156,136,45,45,45,45,49,38,35,62,63,37,0,0,0,44,32,196,137,106,67,91,0,0,0,0,0,114,0,0,0,0,0,0,0,0,0,0,-737,-745,-752,-743,-633,-599,-741,-710,-1076,-1075,-29976,-29977,-29974,-29974,-29974,-29975]} 1. d4 e6 2. c4 d5 3. Nf3 c5 4. cxd5 exd5 5. g3 Nc6 6. Bg2 Nf6 7. O-O Be7 8. dxc5 O-O 9. a3 Bxc5 10. b4 Bb6 {D30: Queen's Gambit Declined: Systems without Nc3} (10... Be7 11. Nc3 Be6 12. Bb2 Qd7 13. Rc1 Rfd8 14. Nb5 a5 15. bxa5 Rxa5 16. a4 Bh3 17. Ne5 Nxe5 18. Bxe5 Bxg2 19. Kxg2 Rda8 {1-0 (46) Wagner,D (2575)-Zvjaginsev,V (2660) Berlin 2015}) 11. Nc3 h6 12. Bb2 {LiveBook: 19 Games} a6 {White is slightly better.} 13. Rc1 Re8 {[#]} 14. Qd3 $146 ({Find the theoretical novelty and annotate with similar games:} 14. Na4 Ba7 15. Nc5 Ne4 16. Rc2 Nxc5 17. bxc5 Qe7 18. Qxd5 {0-1 (57) Manolache,M (2545)-Jianu,V (2500) Baia Sprie 2012}) 14... Ba7 15. e3 Bg4 16. Ne2 Bxf3 17. Bxf3 Ne5 18. Bxe5 Rxe5 19. Rfd1 Qe7 {[%cal Ra7e3]} 20. Nf4 {[%cal Rf4d5]} Rd8 21. Qb3 d4 22. exd4 Bxd4 23. Ng6 (23. Kg2 $142) 23... Qe6 $16 24. Qxe6 Rxe6 25. Nh4 $1 {[%cal Rh4f5]} g6 26. Bxb7 {Threatens to win with Nf3.} Re2 (26... Ng4 $14) 27. Nf3 $36 {[%mdl 2048] White is on the roll.} Bxf2+ 28. Kf1 Rde8 29. Rc8 Ba7 30. Rxe8+ Rxe8 31. Bxa6 Ng4 {White must now prevent ...Ne3+.} 32. Rd7 Re3 (32... Bb6 $16 {was worth a try.}) 33. Kg2 ({Much weaker is} 33. Rxa7 $6 Rxf3+ 34. Ke2 Rxa3 $11) 33... Bb6 {...Rxf3! is the strong threat.} 34. Rd6 (34. Rb7 $142 $1) 34... Bc7 35. Rd3 $1 Re6 36. Bc8 Re2+ ({Black should try} 36... Re3 37. Rd2 Ne5) 37. Kf1 Rf2+ 38. Ke1 f5 39. Be6+ Kf8 40. Rc3 Bb6 41. h3 Nf6 42. Ne5 Ne4 43. Nd7+ ({Much less strong is} 43. Nxg6+ Kg7 $16) (43. Rc8+ $16 Ke7 44. Rc6 (44. Nxg6+ Kxe6 45. Rc6+ Kd5 $11)) 43... Ke7 $14 44. Nxb6 Kxe6 {[%mdl 4096] Endgame KRN-KRN} 45. a4 Ra2 46. Rd3 Ra1+ 47. Ke2 Ra2+ 48. Ke1 Ra1+ 49. Ke2 Ra2+ 50. Kf3 Rf2+ (50... Nf2 $14 51. Rd8 Ne4) 51. Ke3 $16 Rb2 52. b5 Nxg3 53. Kd4 (53. Rc3 $16) 53... Ne4 $1 $11 54. Kc4 f4 55. Nd5 Ke5 (55... f3 $11 {remains equal.} 56. Kd4 f2) 56. b6 (56. Ne7 $1 $16) 56... f3 {Hoping for ...f2.} 57. Nb4 f2 58. Rd1 {aiming for Nd3+.} Nd2+ 59. Kc5 Ne4+ 60. Kc4 {Strongly threatening Nd3+.} Nd2+ 61. Kb5 $2 {[%mdl 8192] [#]} (61. Kc5 $11 Ne4+ 62. Kc4) 61... Kd6 $1 $19 62. a5 f1=Q+ 63. Rxf1 Nxf1 64. a6 {[#]} Ne3 $1 {[%cal Re3d5] And now ...Nd5 would win.} 65. a7 Nd5 66. b7 Rxb4+ {Black mates.} 67. Ka5 Rxb7 68. a8=Q {[#]} Rb5+ $1 {[%mdl 512] Precision: White = 72%, Black = 65%.} 0-1

[Event "ISR-chT 2018"]
[Site "Israel"]
[Date "2018.03.02"]
[Round "11"]
[White "Baron, Tal"]
[Black "Iakymov, Volodymyr"]
[Result "1/2-1/2"]
[WhiteElo "2554"]
[BlackElo "2427"]
[Annotator "TA"]
[PlyCount "96"]
[EventDate "2018.??.??"]
[EventType "team-tourn"]
[EventCountry "ISR"]
[SourceTitle "playchess.com"]
[Source "ChessBase"]
[SourceQuality "1"]

{[%evp 31,96,41,97,83,97,129,96,67,99,91,110,104,110,105,101,76,101,102,110,26,45,23,31,31,37,24,33,0,0,-265,-262,-291,-290,-281,-280,-266,-281,-360,-262,-279,-281,-279,-265,-262,-231,-235,-222,-253,-217,-221,-187,-262,-170,-170,-142,-142,-132,-130,-32,-128,-19,-33,0,-104,0,-119,0]} 1. d4 Nf6 2. c4 g6 3. f3 d5 4. cxd5 Nxd5 5. e4 Nb6 6. Nc3 Bg7 7. Be3 O-O 8. Qd2 Nc6 9. O-O-O e5 10. d5 Nd4 11. f4 c5 12. fxe5 Bg4 {D70: Grünfeld: Unusual White 3rd moves (met by ...d5)} 13. Re1 Bxe5 14. h3 Bd7 15. Nf3 Nxf3 16. gxf3 Re8 {LiveBook: 8 Games} (16... f5 $14) 17. Bd3 Na4 18. Nxa4 Bxa4 {[#]} 19. f4 $146 ({Predecessor:} 19. Kb1 b6 20. h4 {1-0 (35) Psakhis,L (2550)-Llobel Cortell,E (2389) Andorra 2003}) 19... Bg7 20. Bb1 $1 ({Avoid the trap} 20. Bxc5 $2 Rc8 $19) 20... Rc8 21. h4 c4 22. Bd4 $1 c3 23. bxc3 Bxd4 24. Qxd4 b5 25. Kb2 (25. Bd3 $1 $16) 25... Rc4 $1 $11 {[%cal Rc4d4]} 26. Qd2 b4 $1 {[%cal Rb4c3]} 27. cxb4 Qb6 $1 28. Ka1 {Black should prevent h5.} Rxb4 29. Qc3 Rb8 {White must now prevent ...Rc4!} 30. Bd3 $2 {[%mdl 8192] [#]} (30. Rc1 $1 $11 {and White is okay.}) 30... Bc2 $1 $19 {[%mdl 512]} 31. Bxc2 (31. Qxc2 Qd4+) 31... Rc4 $1 {[%cal Rc4c3]} 32. Rb1 Qxb1+ (32... Rxc3 33. Rxb6 Rxb6 34. Bb3 $19) 33. Bxb1 Rxc3 {[%mdl 4096] Endgame KRR-KRB} 34. h5 Rf3 35. hxg6 hxg6 ({But not} 35... fxg6 36. e5 $19) 36. f5 gxf5 37. exf5 Kg7 38. Rd1 Kf6 39. Bc2 Rf2 40. Bb3 Rxf5 41. Kb2 (41. d6 $142) 41... Ke5 42. d6 Rf2+ 43. Kc3 Rd8 44. Rd5+ Ke4 ({Better is} 44... Kf6 $17 {And now ...Rf4 would win.} 45. Kc4 Ke6) 45. Rd4+ {[#]} ({White should try} 45. Kc4 $1 $15) 45... Ke3 (45... Kf5 $1 $17 {Hoping for ...Rf3+.} 46. Rd5+ Kf6) 46. Rd3+ $1 $11 Ke4 (46... Kf4 $15 47. Kc4 f5) 47. Rd4+ $1 $17 Ke5 {...Rf3+ is the strong threat.} 48. Rd5+ $1 Ke4 {Precision: White = 65%, Black = 48%.} (48... Kf6 $17 49. Kc4 Rf1) 1/2-1/2

[Event "ISR-chT 2018"]
[Site "Israel"]
[Date "2018.03.02"]
[Round "11"]
[White "Sivuk, Vitaly"]
[Black "Kryvoruchko, Yuriy"]
[Result "1/2-1/2"]
[WhiteElo "2524"]
[BlackElo "2705"]
[Annotator "TA"]
[PlyCount "94"]
[EventDate "2018.??.??"]
[EventType "team-tourn"]
[EventCountry "ISR"]
[SourceTitle "playchess.com"]
[Source "ChessBase"]
[SourceQuality "1"]

{[%evp 20,94,24,19,61,81,117,77,85,75,158,90,95,79,83,72,92,93,95,89,91,110,139,116,119,136,134,134,130,130,129,149,156,111,187,135,138,134,133,145,136,130,141,130,139,139,236,218,210,210,229,183,227,214,204,151,151,158,286,275,280,102,283,209,215,91,102,17,23,20,29,25,28,0,2,0,0]} 1. e4 e5 2. Nf3 Nc6 3. Bb5 a6 4. Ba4 d6 5. O-O Bd7 6. c3 g6 7. d4 Bg7 8. Bg5 f6 9. Be3 Nh6 10. dxe5 fxe5 11. h3 {LiveBook: 3 Games. C76: Ruy Lopez: Deferred Steinitz: 5 c3 Bd7 6 d4 g6} Qe7 $146 ({Predecessor:} 11... O-O 12. Nbd2 Kh8 13. b4 Ng8 14. Bb3 Bh6 15. Qe2 Bxe3 16. Qxe3 Qe7 17. a4 Nf6 18. Kh2 Nh5 19. g3 {½-½ (19) Zhigalko,S (2652)-Gabrielian,A (2532) Moscow 2017}) 12. c4 Nd8 13. Nc3 {White is better.} Bxa4 14. Qxa4+ c6 (14... Qd7 $142) 15. Rfd1 ({White should try} 15. Bg5 Qd7 16. Rad1) 15... Nhf7 $16 16. b4 O-O 17. b5 Bh6 {next ...Bxe3 is good for Black.} 18. bxc6 bxc6 {Threatening ...Bxe3.} 19. Bb6 Rc8 20. c5 $36 {[%mdl 2048] White is really pushing.} dxc5 21. Qc4 Nb7 22. Na4 Nbd6 {[#]} 23. Rxd6 $1 {[%mdl 512]} Qxd6 24. Bxc5 Qb8 25. Bxf8 (25. Qxa6 $6 Rfe8 $14) 25... Bxf8 26. Qxa6 Nd6 (26... Kg7 $16 {was worth a try.} 27. Rc1 Rc7 28. Rxc6 Ra7) 27. Rc1 (27. Nxe5 $6 Bg7 $16) (27. Nc5 $18) 27... Qa8 28. Qxa8 Rxa8 29. Nc5 Nf7 30. Nd7 Rxa2 31. Rxc6 {[#] And now Rc8 would win.} Ra1+ 32. Kh2 Rd1 (32... Ra7 $16) 33. Rc7 (33. Nfxe5 $6 Nxe5 34. Nxe5 Bd6 $16) (33. Ndxe5 Bd6 $17) 33... Bd6 34. Ra7 h6 35. g3 Rb1 36. Nf6+ Kf8 37. Nh4 Rb2 38. Kg1 Rb1+ (38... Bb8 $16 39. Nd7+ Kg7 40. Nxb8 Rxb8) 39. Kg2 $18 Rb2 40. Ra8+ $2 (40. Nxg6+ $18 {and White stays clearly on top.} Kg7 41. Nh8 Kxf6 42. Rxf7+ (42. Nxf7 Bc5 $11) 42... Ke6 43. Rh7) 40... Ke7 $2 (40... Kg7 $16) 41. Nd5+ Kd7 42. Ra7+ (42. Nxg6 $18 {Threatens to win with Ra6.} Bc5 43. h4) 42... Ke6 $16 43. Nc7+ (43. Ra6 $16) 43... Bxc7 $1 $11 44. Rxc7 Nd6 $1 45. Nxg6 {aiming for Nf8+.} Nxe4 46. Nf8+ (46. Kf3 $5 {[%cal Rf3e4]} Kd6 47. Ra7 Nxf2 48. Ra6+ Kd5 49. Ne7+ Kc4 50. Rc6+ (50. Rxh6 e4+ 51. Kf4 Rb3 $11) 50... Kd3 51. Rd6+ (51. Rxh6 e4+ 52. Kf4 e3 $11) 51... Kc4 52. Nc6 (52. Rxh6 e4+ 53. Kf4 Rb3 $11) 52... e4+ 53. Ke3 $14) 46... Kf6 $1 47. Nh7+ Kg6 {Precision: White = 68%, Black = 45%.} 1/2-1/2